000 00717nam a2200217Ia 4500
003 GCL
005 20240530102912.0
008 140319s9999 xx 000 0 ara d
040 _aGCL /
_cGCL
082 0 4 _a320.54
_bو ق
100 1 _aوليد قزيها
245 1 0 _aالقومية العربية فى الفكر والممارسة بحوث ومناقشات /
_cوليد قزيها (واخ...)
260 _a[S.N] :
_bمركز دراسات الوحدة العربية ،
_c1980
300 _a610 ص
650 0 4 _aمصر
650 0 4 _aالعالم العربى
650 0 4 _aسوريا
650 0 4 _aالقومية العربية
650 0 4 _aالوحدة مع مصر ( 1958_ 1961 )
942 _2ddc
_cBK
999 _c35256
_d35256